000 00370nam a2200145Ia 4500
008 150201s2009 xx 000 0 und d
082 _a610.7367
_bO09A
100 _aARILKUMARAN, SABARATRAM
245 _aOBSTETRICS & GYNECOLOGY FOR P.G.
250 _a3RD
260 _bUNIVERSITIES PRESS
_aHYD
_c2009
300 _a589
650 _aOBST. & GYNEA.
942 _2ddc
_cBK
_01
999 _c2164
_d2164